000
00292nam a2200133Ia 4500
100
_a
Burghardt/Axelrod
942
_c
BK
654
_a
Tool Operation
245
_a
Machine tool Operation II
260
_b
McGraw Hill
_a
NEWYORK
_c
1960
082
_a
621.9
300
_a
681
546
_a
ENGLISH
999
_c
33553
_d
33553